O geologii a dolování na Rýmařovsku /

Hlavní autor: Čermák, František
Další autoři: Karel, Jiří, 1936-2023, Marek, Miloslav, 1938-
Jazyk: Čeština
Vydáno: Rýmařov : Rýmařovsko, 2015
Vydání: 1. vyd.
Témata:
Externí odkaz: Digitalizovaný dokument
Fyzický popis: 97 s. : barev. il., portréty, faksim. ; 15 x 21 cm
Knihy
Uloženo v:
LEADER 02053nam a2200541 a 4500
001 nkc20152652935
003 CZ PrNK
005 20150506105805.0
007 ta
008 150309s2015 xr ach e f 000 0 cze
015 |a cnb002652935 
020 |a 978-80-260-7457-1  |q (brož.) 
035 |a (OCoLC)907523624 
040 |a ABA001  |b cze 
043 |a e-xr---  |b e-xr-mo  |2 czenas 
072 7 |a 553  |x Ložisková geologie  |2 Konspekt  |9 7 
080 |a 553  |2 MRF 
080 |a 622(091)  |2 MRF 
080 |a 55  |2 MRF 
080 |a (437.326)  |2 MRF 
080 |a (036)  |2 MRF 
100 1 |a Čermák, František  |7 jo2015862710  |4 aut 
245 1 0 |a O geologii a dolování na Rýmařovsku /  |c František Čermák, Jiří Karel, Miloslav Marek 
246 3 0 |a O geologii 
250 |a 1. vyd. 
260 |a Rýmařov :  |b Rýmařovsko,  |c 2015 
300 |a 97 s. :  |b barev. il., portréty, faksim. ;  |c 15 x 21 cm 
500 |a 600 výt. 
500 |a Terminologický slovník 
504 |a Obsahuje bibliografii 
650 0 7 |a ložisková geologie  |7 ph122458  |z Česko  |2 czenas 
650 0 7 |a dějiny hornictví  |7 ph488941  |z Česko  |2 czenas 
650 0 9 |a economic geology  |z Czechia  |2 eczenas 
650 0 9 |a history of mining  |z Czechia  |2 eczenas 
651 7 |a Rýmařov (Česko : oblast)  |7 ge130713  |2 czenas 
651 7 |a Rýmařov (Česko : oblast)  |7 ge130713  |x geologické poměry  |2 czenas 
651 9 |a Rýmařov Region (Czechia)  |2 eczenas 
651 9 |a Rýmařov Region (Czechia)  |x geological conditions  |2 eczenas 
655 7 |a informační publikace  |7 fd132454  |2 czenas 
655 9 |a information publications  |2 eczenas 
700 1 |a Karel, Jiří,  |d 1936-2023  |7 ola2002145079  |4 aut 
700 1 |a Marek, Miloslav,  |d 1938-  |7 mzk2010606040  |4 aut 
856 4 1 |u http://www.digitalniknihovna.cz/mzk/uuid/uuid:5bc20140-0b68-11ef-816f-005056827e52  |y Digitalizovaný dokument  |x NDK 
910 2 |a BOA001  |b 2-1343.454 
990 |a BK 
995 |a 01 
991 |b 201503  |c NOV  |e n 
996 6 |b 2610625115  |c 2-1343.454  |l MZK  |r Sklad / do 1 hodiny  |n 1  |p p.v.  |w 001494972  |u 000010  |a 1  |e BOA001  |j MZK50  |s P